More than this /

Gardado en:
Detalles Bibliográficos
Autor Principal: Ness, Patrick
Formato: Libro
Idioma:inglés
Publicado: Somerville : Candlewick, 2014
Tags: Engadir etiqueta
Sen Etiquetas, Sexa o primeiro en etiquetar este rexistro!

MARC

LEADER 00000nam a22000007i 4500
001 IT\ICCU\UBO\4540147
003 ItRI
005 20260115232005.0
008 210630s2014 xxu|||||| |||||1|||||c
020 |a 9780763662585 (hbk) 
020 |a 9780763676209 (pbk) 
040 |b ita  |c importazione bologna sebina 
041 7 |a eng  |2 ISO-639-2 
100 1 |a Ness, Patrick  |0 IT\ICCU\MODV\614249 
240 1 0 |a More than this  |3 IT\ICCU\LO1\1570706  |9 Ness, Patrick 
245 1 0 |a More than this /  |c Patrick Ness. 
260 |a Somerville :  |b Candlewick,  |c 2014 
300 |a 472 p. ;  |c 22 cm 
942 |2 ddc  |c BK  |n 0 
952 |0 0  |1 0  |4 0  |6 R_823_920000000000000_NES  |7 0  |9 18560  |a BO  |b BO  |d 2026-01-15  |i 19089  |l 0  |o R 823.92 NES  |p BO19089  |r 2026-01-15 23:20:05  |w 2026-01-15  |x [Sebina 5] [1 v.]  |y BK  |z 1 v. 
999 |c 15724  |d 15724